|
|
|
|
| LEADER |
00000cam a22000004a 4500 |
| 001 |
musev2_72316 |
| 003 |
MdBmJHUP |
| 005 |
20230905051438.0 |
| 006 |
m o d |
| 007 |
cr||||||||nn|n |
| 008 |
191230t20191997mdu o 00 0 eng d |
| 020 |
|
|
|a 9781421436876
|
| 020 |
|
|
|z 9781421436852
|
| 020 |
|
|
|z 9780801853876
|
| 020 |
|
|
|z 9781421436869
|
| 035 |
|
|
|a (OCoLC)1135410324
|
| 040 |
|
|
|a MdBmJHUP
|c MdBmJHUP
|
| 100 |
1 |
|
|a Heinrich, Thomas R.,
|d 1963-
|
| 245 |
1 |
0 |
|a Ships for the Seven Seas :
|b Philadelphia Shipbuilding in the Age of Industrial Capitalism /
|c Thomas R. Heinrich.
|
| 264 |
|
1 |
|a Baltimore :
|b Johns Hopkins University Press,
|c 2019
|
| 264 |
|
3 |
|a Baltimore, Md. :
|b Project MUSE,
|c 2020
|
| 264 |
|
4 |
|c ©2019
|
| 300 |
|
|
|a 1 online resource (308 pages):
|b illustrations
|
| 336 |
|
|
|a text
|b txt
|2 rdacontent
|
| 337 |
|
|
|a computer
|b c
|2 rdamedia
|
| 338 |
|
|
|a online resource
|b cr
|2 rdacarrier
|
| 490 |
0 |
|
|a Studies in industry and society ;
|v 12
|
| 500 |
|
|
|a Originally published as Johns Hopkins Press in 1997.
|
| 500 |
|
|
|a The text of this book is licensed under a Creative Commons Attribution-NonCommercial-No derivatives 4.0 International License.
|
| 500 |
|
|
|a Open access edition supported by the National Endowment for the Humanities / Andrew W. Mellon Foundation Humanities Open Book Program.
|
| 505 |
0 |
|
|a Shipbuilding as much as possible advanced: The rise and decline of wooden shipbuilding,1640-1870 -- A small margin: Ironclads and the transition from wooden to iron shipbuilding -- The American Clyde: Corporate and proprietary Capitalism in the Philadelphia maritime economy, 1865-1875 -- Workshop of the world : Commerce, crafts, and class conflict, 1875-1885 -- A vicious quality: Cramp and the origins of the Military-Industrial Complex, 1885-1898 -- New departure:Growth and Crisis, 1998-1914 -- This machine of war: World War I -- What next? The Post War Depression, 1919-1929.
|
| 506 |
0 |
|
|a Open Access
|f Unrestricted online access
|2 star
|
| 588 |
|
|
|a Description based on print version record.
|
| 650 |
|
7 |
|a Shipbuilding industry.
|2 fast
|0 (OCoLC)fst01116272
|
| 650 |
|
6 |
|a Construction navale
|x Industrie
|z Pennsylvanie
|z Philadelphie
|x Histoire.
|
| 650 |
|
0 |
|a Shipbuilding industry
|z Pennsylvania
|z Philadelphia
|x History.
|
| 651 |
|
7 |
|a Philadelphia (Pa.)
|2 swd
|
| 651 |
|
7 |
|a Philadelphia, Pa.
|2 gnd
|
| 651 |
|
7 |
|a Pennsylvania
|z Philadelphia.
|2 fast
|0 (OCoLC)fst01204170
|
| 655 |
|
7 |
|a History.
|2 fast
|0 (OCoLC)fst01411628
|
| 655 |
|
7 |
|a Electronic books.
|2 local
|
| 710 |
2 |
|
|a Project Muse.
|e distributor
|
| 830 |
|
0 |
|a Book collections on Project MUSE.
|
| 856 |
4 |
0 |
|z Texto completo
|u https://projectmuse.uam.elogim.com/book/72316/
|